000 01084nam a22003137a 4500
001 6491
003 FISKH
005 20250506122202.0
008 250506b cb ||||| |||| 00| 0 eng d
020 _a9780545035170
040 _aTFP
_cTFP
_dOHI
_dOCL
_dOCLCQ
_dDLC
_beng
050 _aPZ7.S86037 N
082 _a813.54
100 1 _aStine, R. L.
_d(1943-)
245 1 0 _aNight of the living dummy /
_cR.L. Stine.
250 _aThis edition first published in 2008
260 _aNew York :
_bScholastic,
_c1993.
300 _a134 pages :
_c20 cm.
490 1 _aGoosebumps ;
_v#7
505 _aN
520 _aLindy finds a ventriloquist's dummy and has fun learning to make him move and talk. Kris is jealous, and decides to get a dummy of her own. Then nasty evil things begin to happen. No way can a dummy be causing all the trouble. Or is there?
521 1 _a590
_bLexile
521 1 _aN
_bRaz-Plus
650 0 _aPuppets
_vJuvenile fiction.
650 0 _aFantasy
_vGoosebumps
800 1 _aStine, R. L.
_tGoosebumps ;
_v#7.
942 _2ddc
_cBK
_n0
999 _c6491
_d6491